[Event "Mumbai Wealth U13 op 5th"]
[Site "Mumbai"]
[Date "2020.01.03"]
[Round "5"]
[White "Sara, Mody"]
[Black "Guru, Prakash"]
[Result "0-1"]
[WhiteElo "1109"]
[BlackElo "1325"]
[PlyCount "80"]
[EventDate "2019.12.30"]
[EventType "swiss"]
[EventRounds "9"]
[EventCountry "IND"]
[SourceTitle "CBM 194 Extra"]
[Source "ChessBase"]
[SourceDate "2020.03.31"]
[SourceVersion "1"]
[SourceVersionDate "2020.03.31"]
[SourceQuality "1"]

1. e4 c5 2. Nc3 e6 3. g3 a6 4. Bg2 Qc7 5. d3 g6 6. Be3 Bg7 7. Qd2 d6 8. Nge2 Ne7 9. Bh6 0-0 10. Bxg7 Kxg7 11. 0-0 Nbc6 12. f4 b5 13. Nd1 d5 14. Nf2 Qb6 15. Kh1 f5 16. Rad1 Rd8 17. e5 Bb7 18. d4 Rac8 19. c3 b4 20. Rc1 bxc3 21. bxc3 Na5 22. Rb1 Qa7 23. Qb2 Bc6 24. Qb6 Qxb6 25. Rxb6 Bb5 26. Re1 Kf7 27. Bf3 Rd7 28. Rd6 Rb7 29. dxc5 Nc4 30. Rc1 Nxd6 31. cxd6 Nc6 32. Nd1 Bc4 33. a3 Rcb8 34. Kg2 Rb1 35. Rxb1 Rxb1 36. Ne3 Bxe2 37. Bxe2 Rb2 38. Kf3 d4 39. Nc4 Rc2 40. Kf2 d3 0-1

[Event "Mumbai Wealth op U13 4th"]
[Site "Mumbai"]
[Date "2019.01.01"]
[Round "3"]
[White "Sara, Mody"]
[Black "Adreeja, Sinha"]
[Result "0-1"]
[WhiteElo "1060"]
[BlackElo "1366"]
[PlyCount "70"]
[EventDate "2018.12.30"]
[EventType "swiss"]
[EventRounds "9"]
[EventCountry "IND"]
[SourceTitle "CBM 188 Extra"]
[Source "ChessBase"]
[SourceDate "2019.02.26"]
[SourceVersion "1"]
[SourceVersionDate "2019.02.26"]
[SourceQuality "1"]

1. e4 c5 2. Nf3 d6 3. d4 cxd4 4. Nxd4 Nf6 5. Nc3 g6 6. Be3 Bg7 7. f3 0-0 8. Qd2 Nc6 9. 0-0-0 Nxd4 10. Bxd4 Be6 11. Kb1 Qc7 12. Nd5 Bxd5 13. exd5 Rfc8 14. h4 Nxd5 15. Bxg7 Kxg7 16. Rc1 Nf6 17. g4 Rh8 18. h5 Qc5 19. Be2 Rac8 20. f4 Ne4 21. Qe1 Qb6 22. Ka1 Nc5 23. Qc3+ f6 24. Qe3 Qc7 25. h6+ Kf8 26. b3 a6 27. Bc4 b5 28. Bd5 Qd7 29. b4 Na4 30. Be6 Rc3 31. Qxc3 Qxe6 32. Qf3 Qc4 33. Qa8+ Kf7 34. Qxh8 Qc3+ 35. Kb1 Qb2# 0-1